| 000 | 00644cam a2200229 4500500 | ||
|---|---|---|---|
| 005 | 20260405002014.0 | ||
| 041 | _afre | ||
| 042 | _adc | ||
| 100 | 1 | 0 |
_aFereday, Jack _eauthor |
| 245 | 0 | 0 | _aMatière à penser / été 2015 |
| 260 | _c2015. | ||
| 500 | _a34 | ||
| 690 | _aHenry Laurens | ||
| 690 | _aphilo | ||
| 690 | _aphilosophie | ||
| 690 | _aRachid Boudjedra | ||
| 690 | _aRobots | ||
| 690 | _aSinges | ||
| 690 | _aSteven Pinker | ||
| 786 | 0 | _nPhilosophie magazine | 91 | 8 | 2015-07-01 | p. 9-10 | 1951-1787 | |
| 856 | 4 | 1 | _uhttps://shs.cairn.info/magazine-philosophie-magazine-2015-8-page-9?lang=fr&redirect-ssocas=7080 |
| 999 |
_c2053226 _d2053226 |
||